ՀՀ Գիտությունների ազգային ակադեմիայի հիմնարար գիտական գրադարան  =   Fundamental Scientific Library of NAS RA

Մենախոսություն... Հողի, մարդու և աշխարհի հետ : (Record no. 539368)

MARC details
000 -LEADER
fixed length control field 01072nam a2200241 a 4500
003 - CONTROL NUMBER IDENTIFIER
control field AM-YEHGA
005 - DATE AND TIME OF LATEST TRANSACTION
control field 20260123115050.0
008 - FIXED-LENGTH DATA ELEMENTS--GENERAL INFORMATION
fixed length control field 071217s2008 ai r 000|0 arm d
020 ## - INTERNATIONAL STANDARD BOOK NUMBER
International Standard Book Number 978-99941-67-70-8
040 ## - CATALOGING SOURCE
Original cataloging agency AM-YEHGA
041 0# - LANGUAGE CODE
Language code of text/sound track or separate title arm
001 - CONTROL NUMBER
control field 486864
100 1# - MAIN ENTRY--PERSONAL NAME
Personal name Կարապետյան, Լյուդվիգ Հովակի,
Dates associated with a name 1939-2025
9 (RLIN) 1832
245 10 - TITLE STATEMENT
Title Մենախոսություն... Հողի, մարդու և աշխարհի հետ :
Remainder of title Լիպարիտ Սարգսյան. Ստեղծագործական դիմանկարի էսքիզներ /
Statement of responsibility, etc. Լ. Կարապետյան.
260 ## - PUBLICATION, DISTRIBUTION, ETC.
Place of publication, distribution, etc. Երևան :
Name of publisher, distributor, etc. Վան Արյան,
Date of publication, distribution, etc. 2008.
300 ## - PHYSICAL DESCRIPTION
Extent 148 էջ ;
Dimensions 20 սմ.
600 14 - SUBJECT ADDED ENTRY--PERSONAL NAME
Personal name Սարգսյան, Լիպարիտ Տիգրանի,
Dates associated with a name 1938-2023
9 (RLIN) 1060
650 14 - SUBJECT ADDED ENTRY--TOPICAL TERM
Topical term or geographic name entry element Հայ գրականագիտություն
9 (RLIN) 4862
650 z# - SUBJECT ADDED ENTRY--TOPICAL TERM
Topical term or geographic name entry element Армянская литература
General subdivision Переводы на русский язык
653 0# - INDEX TERM--UNCONTROLLED
Uncontrolled term Մենախոսություն
653 0# - INDEX TERM--UNCONTROLLED
Uncontrolled term Հայ գրողների կյանքն ու գործունեությունը
942 ## - ADDED ENTRY ELEMENTS (KOHA)
Source of classification or shelving scheme Universal Decimal Classification
Koha item type Գրքեր / Books
Holdings
Withdrawn status Lost status Source of classification or shelving scheme Damaged status Not for loan Collection Home library Current library Date acquired Total checkouts Full call number Barcode Date last seen Price effective from Koha item type Public note
    Universal Decimal Classification     General Fundamental Scientific Library Fundamental Scientific Library 21/11/2025   AII/113801 FL0700753 21/11/2025 05/12/2025 Գրքեր / Books 30 Days Loan


ՀՀ ԳԱԱ հիմնարար գիտական գրադարան
ՀՀ,Երևան 0019
Մարշալ Բաղրամյան 24/6
հեռախոս:(374-10) 52-47-50
Հետադարձ կապ

All site content, except where otherwise noted, is licensed under a
Creative Commons License